<?xml version="1.0" encoding="UTF-8"?>
<record
    xmlns:xsi="http://www.w3.org/2001/XMLSchema-instance"
    xsi:schemaLocation="http://www.loc.gov/MARC21/slim http://www.loc.gov/standards/marcxml/schema/MARC21slim.xsd"
    xmlns="http://www.loc.gov/MARC21/slim">

  <leader>09523cam a2201513 i 4500</leader>
  <controlfield tag="001">0005607145</controlfield>
  <controlfield tag="003">OSt</controlfield>
  <controlfield tag="005">20260602194504.0</controlfield>
  <controlfield tag="008">170714m20179999quca   j      000 f fre c</controlfield>
  <datafield tag="016" ind1=" " ind2=" ">
    <subfield code="a">20179414011</subfield>
  </datafield>
  <datafield tag="020" ind1=" " ind2=" ">
    <subfield code="a">9782897467067</subfield>
    <subfield code="q">(vol. 13)</subfield>
  </datafield>
  <datafield tag="040" ind1=" " ind2=" ">
    <subfield code="a">QMBN</subfield>
    <subfield code="b">fre</subfield>
    <subfield code="e">rda</subfield>
    <subfield code="c">QMBN</subfield>
    <subfield code="d">QMBND</subfield>
    <subfield code="d">QMBN</subfield>
  </datafield>
  <datafield tag="082" ind1="0" ind2="4">
    <subfield code="a">C843/.6</subfield>
    <subfield code="b">G953t</subfield>
    <subfield code="2">23</subfield>
    <subfield code="m">b</subfield>
  </datafield>
  <datafield tag="082" ind1="0" ind2="4">
    <subfield code="a">843/.92</subfield>
    <subfield code="b">G953t</subfield>
    <subfield code="2">23</subfield>
  </datafield>
  <datafield tag="082" ind1="0" ind2="4">
    <subfield code="a">RJ G953 tip v.13</subfield>
    <subfield code="b">G953t</subfield>
    <subfield code="2">23</subfield>
    <subfield code="m">b</subfield>
  </datafield>
  <datafield tag="084" ind1=" " ind2=" ">
    <subfield code="a">C848/.92</subfield>
    <subfield code="b">G953t</subfield>
    <subfield code="2">z</subfield>
  </datafield>
  <datafield tag="091" ind1="0" ind2=" ">
    <subfield code="a">GUI</subfield>
  </datafield>
  <datafield tag="100" ind1="1" ind2=" ">
    <subfield code="a">Guilbault, Genevi&#xE8;ve,</subfield>
    <subfield code="d">1978-</subfield>
    <subfield code="e">auteur</subfield>
  </datafield>
  <datafield tag="245" ind1="1" ind2="0">
    <subfield code="a">Ti-Guy La Puck /</subfield>
    <subfield code="c">Genevi&#xE8;ve Guilbault ; illustrations int&#xE9;rieures : Manuella C&#xF4;t&#xE9;</subfield>
  </datafield>
  <datafield tag="264" ind1=" " ind2="1">
    <subfield code="a">[Morin-Heights, Qu&#xE9;bec] :</subfield>
    <subfield code="b">Andara,</subfield>
    <subfield code="c">[2017]-</subfield>
  </datafield>
  <datafield tag="300" ind1=" " ind2=" ">
    <subfield code="a">volumes :</subfield>
    <subfield code="b">illustrations ;</subfield>
    <subfield code="c">23 cm</subfield>
  </datafield>
  <datafield tag="336" ind1=" " ind2=" ">
    <subfield code="a">texte</subfield>
    <subfield code="b">txt</subfield>
    <subfield code="2">rdacontent</subfield>
  </datafield>
  <datafield tag="337" ind1=" " ind2=" ">
    <subfield code="a">sans m&#xEF;&#xBF;&#xBD;diation</subfield>
    <subfield code="b">n</subfield>
    <subfield code="2">rdamedia</subfield>
  </datafield>
  <datafield tag="338" ind1=" " ind2=" ">
    <subfield code="a">volume</subfield>
    <subfield code="b">nc</subfield>
    <subfield code="2">rdacarrier</subfield>
  </datafield>
  <datafield tag="505" ind1="1" ind2="0">
    <subfield code="g">1.</subfield>
    <subfield code="t">La r&#xEF;&#xBF;&#xBD;volte des mascottes --</subfield>
    <subfield code="g">2.</subfield>
    <subfield code="t">Les Castors sont les plus forts --</subfield>
    <subfield code="g">3.</subfield>
    <subfield code="t">La guerre des num&#xEF;&#xBF;&#xBD;ros.</subfield>
    <subfield code="g">2018 --</subfield>
    <subfield code="g">4.</subfield>
    <subfield code="t">Rendez-vous sur la glace --</subfield>
    <subfield code="g">5.</subfield>
    <subfield code="t">Qui veut la coupe ?</subfield>
    <subfield code="g">2019 --</subfield>
    <subfield code="g">6.</subfield>
    <subfield code="t">Allez, les verts ! --</subfield>
    <subfield code="g">7.</subfield>
    <subfield code="t">Le d&#xEF;&#xBF;&#xBD;fi des champions.</subfield>
    <subfield code="g">2020 --</subfield>
    <subfield code="g">8.</subfield>
    <subfield code="t">La temp&#xEF;&#xBF;&#xBD;te du si&#xEF;&#xBF;&#xBD;cle --</subfield>
    <subfield code="g">9.</subfield>
    <subfield code="t">Nuit blanche &#xEF;&#xBF;&#xBD; l'ar&#xEF;&#xBF;&#xBD;na.</subfield>
    <subfield code="g">2021 --</subfield>
    <subfield code="g">10.</subfield>
    <subfield code="t">La ligue de dek --</subfield>
    <subfield code="g">11.</subfield>
    <subfield code="t">L'incroyable grand jeu.</subfield>
    <subfield code="g">2022 --</subfield>
    <subfield code="g">12.</subfield>
    <subfield code="t">Un truc de ouf !</subfield>
    <subfield code="g">2023 --</subfield>
    <subfield code="g">13.</subfield>
    <subfield code="t">Le super challenge.</subfield>
    <subfield code="g">2023 --</subfield>
    <subfield code="g">14.</subfield>
    <subfield code="t">Hockey Xtr&#xEF;&#xBF;&#xBD;me.</subfield>
    <subfield code="g">2024 --</subfield>
    <subfield code="g">15.</subfield>
    <subfield code="t">La l&#xEF;&#xBF;&#xBD;gende du hockey.</subfield>
    <subfield code="g">2024 --</subfield>
    <subfield code="g">16.</subfield>
    <subfield code="t">Voler la vedette.</subfield>
    <subfield code="g">2025</subfield>
  </datafield>
  <datafield tag="521" ind1=" " ind2=" ">
    <subfield code="a">Jeunes</subfield>
  </datafield>
  <datafield tag="650" ind1=" " ind2="7">
    <subfield code="a">Ti-Guy La Puck (Personnage fictif)</subfield>
    <subfield code="v">Romans, nouvelles, etc.</subfield>
    <subfield code="2">vmj</subfield>
  </datafield>
  <datafield tag="650" ind1=" " ind2="7">
    <subfield code="a">Joueurs de hockey</subfield>
    <subfield code="v">Romans, nouvelles, etc.</subfield>
    <subfield code="2">vmj</subfield>
  </datafield>
  <datafield tag="650" ind1=" " ind2="7">
    <subfield code="a">Tournois (Sports et jeux)</subfield>
    <subfield code="v">Romans, nouvelles, etc.</subfield>
    <subfield code="2">vmj</subfield>
  </datafield>
  <datafield tag="650" ind1=" " ind2="7">
    <subfield code="a">Entra&#xEF;&#xBF;&#xBD;neurs (Sports)</subfield>
    <subfield code="v">Romans, nouvelles, etc.</subfield>
    <subfield code="2">vmj</subfield>
  </datafield>
  <datafield tag="650" ind1=" " ind2="7">
    <subfield code="a">Mascottes</subfield>
    <subfield code="v">Romans, nouvelles, etc.</subfield>
    <subfield code="2">vmj</subfield>
  </datafield>
  <datafield tag="650" ind1=" " ind2="7">
    <subfield code="a">Violence</subfield>
    <subfield code="v">Romans, nouvelles, etc.</subfield>
    <subfield code="2">vmj</subfield>
  </datafield>
  <datafield tag="650" ind1=" " ind2="7">
    <subfield code="a">Sportivit&#xEF;&#xBF;&#xBD;</subfield>
    <subfield code="v">Romans, nouvelles, etc.</subfield>
    <subfield code="2">vmj</subfield>
  </datafield>
  <datafield tag="650" ind1=" " ind2="7">
    <subfield code="a">Histoires d'amour</subfield>
    <subfield code="2">vmj</subfield>
  </datafield>
  <datafield tag="650" ind1=" " ind2="7">
    <subfield code="a">Concours et comp&#xEF;&#xBF;&#xBD;titions</subfield>
    <subfield code="v">Romans, nouvelles, etc.</subfield>
    <subfield code="2">vmj</subfield>
  </datafield>
  <datafield tag="650" ind1=" " ind2="7">
    <subfield code="a">Tromperie</subfield>
    <subfield code="v">Romans, nouvelles, etc.</subfield>
    <subfield code="2">vmj</subfield>
  </datafield>
  <datafield tag="650" ind1=" " ind2="7">
    <subfield code="a">Famille</subfield>
    <subfield code="v">Romans</subfield>
    <subfield code="2">vmj</subfield>
  </datafield>
  <datafield tag="650" ind1=" " ind2="7">
    <subfield code="a">Changement (Psychologie)</subfield>
    <subfield code="v">Romans, nouvelles, etc.</subfield>
    <subfield code="2">vmj</subfield>
  </datafield>
  <datafield tag="650" ind1=" " ind2="7">
    <subfield code="a">Parents et enfants</subfield>
    <subfield code="v">Romans, nouvelles, etc.</subfield>
    <subfield code="2">vmj</subfield>
  </datafield>
  <datafield tag="650" ind1=" " ind2="7">
    <subfield code="a">Fr&#xEF;&#xBF;&#xBD;res et s&#x153;urs</subfield>
    <subfield code="v">Romans, nouvelles, etc.</subfield>
    <subfield code="2">vmj</subfield>
  </datafield>
  <datafield tag="650" ind1=" " ind2="7">
    <subfield code="a">Amiti&#xEF;&#xBF;&#xBD;</subfield>
    <subfield code="v">Romans, nouvelles, etc.</subfield>
    <subfield code="2">vmj</subfield>
  </datafield>
  <datafield tag="650" ind1=" " ind2="7">
    <subfield code="a">R&#xEF;&#xBF;&#xBD;cits de soccer</subfield>
    <subfield code="2">vmj</subfield>
  </datafield>
  <datafield tag="650" ind1=" " ind2="7">
    <subfield code="a">Voyages</subfield>
    <subfield code="v">Romans, nouvelles, etc.</subfield>
    <subfield code="2">vmj</subfield>
  </datafield>
  <datafield tag="650" ind1=" " ind2="7">
    <subfield code="a">Prix et r&#xEF;&#xBF;&#xBD;compenses</subfield>
    <subfield code="v">Romans, nouvelles, etc.</subfield>
    <subfield code="2">vmj</subfield>
  </datafield>
  <datafield tag="650" ind1=" " ind2="7">
    <subfield code="a">Secret</subfield>
    <subfield code="v">Romans, nouvelles, etc.</subfield>
    <subfield code="2">vmj</subfield>
  </datafield>
  <datafield tag="650" ind1=" " ind2="7">
    <subfield code="a">Vid&#xEF;&#xBF;&#xBD;o</subfield>
    <subfield code="v">Romans, nouvelles, etc.</subfield>
    <subfield code="2">vmj</subfield>
  </datafield>
  <datafield tag="650" ind1=" " ind2="7">
    <subfield code="a">B&#xEF;&#xBF;&#xBD;n&#xEF;&#xBF;&#xBD;volat</subfield>
    <subfield code="v">Romans, nouvelles, etc.</subfield>
    <subfield code="2">vmj</subfield>
  </datafield>
  <datafield tag="650" ind1=" " ind2="7">
    <subfield code="a">F&#xEF;&#xBF;&#xBD;tes</subfield>
    <subfield code="v">Romans, nouvelles, etc.</subfield>
    <subfield code="2">vmj</subfield>
  </datafield>
  <datafield tag="650" ind1=" " ind2="7">
    <subfield code="a">Entraide</subfield>
    <subfield code="v">Romans, nouvelles, etc.</subfield>
    <subfield code="2">vmj</subfield>
  </datafield>
  <datafield tag="650" ind1=" " ind2="7">
    <subfield code="a">Temp&#xEF;&#xBF;&#xBD;tes de neige</subfield>
    <subfield code="v">Romans, nouvelles, etc.</subfield>
    <subfield code="2">vmj</subfield>
  </datafield>
  <datafield tag="650" ind1=" " ind2="7">
    <subfield code="a">Patinoires</subfield>
    <subfield code="v">Romans, nouvelles, etc.</subfield>
    <subfield code="2">vmj</subfield>
  </datafield>
  <datafield tag="650" ind1=" " ind2="7">
    <subfield code="a">Nuit</subfield>
    <subfield code="v">Romans, nouvelles, etc.</subfield>
    <subfield code="2">vmj</subfield>
  </datafield>
  <datafield tag="650" ind1=" " ind2="7">
    <subfield code="a">Autonomie (Psychologie)</subfield>
    <subfield code="v">Romans, nouvelles, etc.</subfield>
    <subfield code="2">vmj</subfield>
  </datafield>
  <datafield tag="650" ind1=" " ind2="7">
    <subfield code="a">Peur</subfield>
    <subfield code="v">Romans, nouvelles, etc.</subfield>
    <subfield code="2">vmj</subfield>
  </datafield>
  <datafield tag="650" ind1=" " ind2="7">
    <subfield code="a">Cr&#xEF;&#xBF;&#xBD;ativit&#xEF;&#xBF;&#xBD;</subfield>
    <subfield code="v">Romans, nouvelles, etc.</subfield>
    <subfield code="2">vmj</subfield>
  </datafield>
  <datafield tag="650" ind1=" " ind2="7">
    <subfield code="a">R&#xEF;&#xBF;&#xBD;cits de hockey</subfield>
    <subfield code="2">vmj</subfield>
  </datafield>
  <datafield tag="650" ind1=" " ind2="7">
    <subfield code="a">Pannes d'&#xEF;&#xBF;&#xBD;lectricit&#xEF;&#xBF;&#xBD;</subfield>
    <subfield code="v">Romans, nouvelles, etc.</subfield>
    <subfield code="2">vmj</subfield>
  </datafield>
  <datafield tag="650" ind1=" " ind2="7">
    <subfield code="a">Courage</subfield>
    <subfield code="v">Romans, nouvelles, etc.</subfield>
    <subfield code="2">vmj</subfield>
  </datafield>
  <datafield tag="650" ind1=" " ind2="7">
    <subfield code="a">Dekhockey</subfield>
    <subfield code="v">Romans, nouvelles, etc.</subfield>
    <subfield code="2">vmj</subfield>
  </datafield>
  <datafield tag="650" ind1=" " ind2="7">
    <subfield code="a">Malheur</subfield>
    <subfield code="v">Romans, nouvelles, etc.</subfield>
    <subfield code="2">vmj</subfield>
  </datafield>
  <datafield tag="650" ind1=" " ind2="7">
    <subfield code="a">G&#xEF;&#xBF;&#xBD;n&#xEF;&#xBF;&#xBD;rosit&#xEF;&#xBF;&#xBD;</subfield>
    <subfield code="v">Romans, nouvelles, etc.</subfield>
    <subfield code="2">vmj</subfield>
  </datafield>
  <datafield tag="650" ind1=" " ind2="7">
    <subfield code="a">Solidarit&#xEF;&#xBF;&#xBD;</subfield>
    <subfield code="v">Romans, nouvelles, etc.</subfield>
    <subfield code="2">vmj</subfield>
  </datafield>
  <datafield tag="650" ind1=" " ind2="7">
    <subfield code="a">Jeu de piste</subfield>
    <subfield code="v">Romans.</subfield>
    <subfield code="2">vmj</subfield>
  </datafield>
  <datafield tag="650" ind1=" " ind2="7">
    <subfield code="a">Devinettes et &#xEF;&#xBF;&#xBD;nigmes</subfield>
    <subfield code="v">Romans, nouvelles, etc.</subfield>
    <subfield code="2">vmj</subfield>
  </datafield>
  <datafield tag="650" ind1=" " ind2="7">
    <subfield code="a">Travail d'&#xEF;&#xBF;&#xBD;quipe</subfield>
    <subfield code="v">Romans</subfield>
    <subfield code="2">vmj</subfield>
  </datafield>
  <datafield tag="650" ind1=" " ind2="7">
    <subfield code="a">R&#xEF;&#xBF;&#xBD;alit&#xEF;&#xBF;&#xBD; virtuelle</subfield>
    <subfield code="v">Romans, nouvelles, etc.</subfield>
    <subfield code="2">vmj</subfield>
  </datafield>
  <datafield tag="650" ind1=" " ind2="7">
    <subfield code="a">Jeux vid&#xEF;&#xBF;&#xBD;o</subfield>
    <subfield code="v">Romans, nouvelles, etc.</subfield>
    <subfield code="2">vmj</subfield>
  </datafield>
  <datafield tag="650" ind1=" " ind2="7">
    <subfield code="a">C&#xEF;&#xBF;&#xBD;l&#xEF;&#xBF;&#xBD;brit&#xEF;&#xBF;&#xBD;s</subfield>
    <subfield code="v">Romans, nouvelles, etc.</subfield>
    <subfield code="2">vmj</subfield>
  </datafield>
  <datafield tag="650" ind1=" " ind2="7">
    <subfield code="a">Golf</subfield>
    <subfield code="v">Romans, nouvelles, etc.</subfield>
    <subfield code="2">vmj</subfield>
  </datafield>
  <datafield tag="650" ind1=" " ind2="7">
    <subfield code="a">Comp&#xEF;&#xBF;&#xBD;tition (Psychologie)</subfield>
    <subfield code="v">Romans, nouvelles, etc.</subfield>
    <subfield code="2">vmj</subfield>
  </datafield>
  <datafield tag="650" ind1=" " ind2="7">
    <subfield code="a">Lettres anonymes</subfield>
    <subfield code="v">Romans, nouvelles, etc.</subfield>
    <subfield code="2">vmj</subfield>
  </datafield>
  <datafield tag="650" ind1=" " ind2="7">
    <subfield code="a">Troph&#xEF;&#xBF;&#xBD;es (Prix)</subfield>
    <subfield code="v">Romans, nouvelles, etc.</subfield>
    <subfield code="2">vmj</subfield>
  </datafield>
  <datafield tag="650" ind1=" " ind2="7">
    <subfield code="a">Voleurs</subfield>
    <subfield code="v">Romans, nouvelles, etc.</subfield>
    <subfield code="2">vmj</subfield>
  </datafield>
  <datafield tag="650" ind1=" " ind2="7">
    <subfield code="a">Enqu&#xEF;&#xBF;&#xBD;tes</subfield>
    <subfield code="v">Romans, nouvelles, etc.</subfield>
    <subfield code="2">vmj</subfield>
  </datafield>
  <datafield tag="650" ind1=" " ind2="7">
    <subfield code="a">Confiance en soi</subfield>
    <subfield code="v">Romans, nouvelles, etc.</subfield>
    <subfield code="2">vmj</subfield>
  </datafield>
  <datafield tag="651" ind1=" " ind2="7">
    <subfield code="a">France</subfield>
    <subfield code="x">M&#x153;urs et coutumes</subfield>
    <subfield code="v">Romans, nouvelles, etc.</subfield>
    <subfield code="2">vmj</subfield>
  </datafield>
  <datafield tag="655" ind1=" " ind2="7">
    <subfield code="a">Documents pour la jeunesse</subfield>
    <subfield code="2">rvmgf</subfield>
  </datafield>
  <datafield tag="655" ind1=" " ind2="7">
    <subfield code="a">Romans</subfield>
    <subfield code="2">rvmgf</subfield>
  </datafield>
  <datafield tag="700" ind1="1" ind2=" ">
    <subfield code="a">C&#xF4;t&#xE9;, Manuella,</subfield>
    <subfield code="d">1984-</subfield>
    <subfield code="e">illustrateur</subfield>
  </datafield>
  <datafield tag="740" ind1="0" ind2="2">
    <subfield code="a">R&#xEF;&#xBF;&#xBD;volte des mascottes</subfield>
  </datafield>
  <datafield tag="740" ind1="0" ind2="2">
    <subfield code="a">Castors sont les plus forts</subfield>
  </datafield>
  <datafield tag="740" ind1="0" ind2="2">
    <subfield code="a">Guerre des num&#xEF;&#xBF;&#xBD;ros</subfield>
  </datafield>
  <datafield tag="740" ind1="0" ind2="2">
    <subfield code="a">Rendez-vous sur la glace</subfield>
  </datafield>
  <datafield tag="740" ind1="0" ind2="2">
    <subfield code="a">Qui veut la coupe ?</subfield>
  </datafield>
  <datafield tag="740" ind1="0" ind2="2">
    <subfield code="a">Allez, les verts !</subfield>
  </datafield>
  <datafield tag="740" ind1="0" ind2="2">
    <subfield code="a">D&#xEF;&#xBF;&#xBD;fi des champions</subfield>
  </datafield>
  <datafield tag="740" ind1="0" ind2="2">
    <subfield code="a">Temp&#xEF;&#xBF;&#xBD;te du si&#xEF;&#xBF;&#xBD;cle</subfield>
  </datafield>
  <datafield tag="740" ind1="0" ind2="2">
    <subfield code="a">Nuit blanche &#xEF;&#xBF;&#xBD; l'ar&#xEF;&#xBF;&#xBD;na</subfield>
  </datafield>
  <datafield tag="740" ind1="0" ind2="2">
    <subfield code="a">Ligue de dek</subfield>
  </datafield>
  <datafield tag="740" ind1="0" ind2="2">
    <subfield code="a">Incroyable grand jeu</subfield>
  </datafield>
  <datafield tag="740" ind1="0" ind2="2">
    <subfield code="a">Truc de ouf !</subfield>
  </datafield>
  <datafield tag="740" ind1="0" ind2="2">
    <subfield code="a">Super challenge</subfield>
  </datafield>
  <datafield tag="740" ind1="0" ind2="2">
    <subfield code="a">Hockey Xtr&#xEF;&#xBF;&#xBD;me</subfield>
  </datafield>
  <datafield tag="740" ind1="0" ind2="2">
    <subfield code="a">L&#xEF;&#xBF;&#xBD;gende du hockey</subfield>
  </datafield>
  <datafield tag="740" ind1="0" ind2="2">
    <subfield code="a">Voler la vedette</subfield>
  </datafield>
  <datafield tag="942" ind1=" " ind2=" ">
    <subfield code="2">ddc</subfield>
    <subfield code="c">ROM JEUNE</subfield>
  </datafield>
  <datafield tag="999" ind1=" " ind2=" ">
    <subfield code="c">18879</subfield>
    <subfield code="d">18879</subfield>
  </datafield>
  <datafield tag="952" ind1=" " ind2=" ">
    <subfield code="0">0</subfield>
    <subfield code="1">0</subfield>
    <subfield code="2">ddc</subfield>
    <subfield code="4">0</subfield>
    <subfield code="7">0</subfield>
    <subfield code="a">HENRYVILLE</subfield>
    <subfield code="b">HENRYVILLE</subfield>
    <subfield code="d">2026-06-02</subfield>
    <subfield code="l">0</subfield>
    <subfield code="o">RJ G953 tip v.13</subfield>
    <subfield code="p">30001030038998</subfield>
    <subfield code="r">2026-06-02 19:46:20</subfield>
    <subfield code="w">2026-06-02</subfield>
    <subfield code="y">ROM JEUNE</subfield>
    <subfield code="z">Le super challenge</subfield>
  </datafield>
</record>
